21

Доступно только в Электронных читальных залах Найти на картеНа карте
RUSMARC
00003988nac2a22002651x 450
001d3765a93-a008-47c0-b4c9-a9dd46692757
00520170817211012.0
100##$a20170517l1929 k y0rusy50 ca
1010#$arus
102##$aRU
105##$ay z |||||
1220#$ad19291026
2001#$a21
$j26.10.1929
215##$a107 листов
251##$cДело
300##$aЗаголовок дела на папке: Протокол № 21 (опросный) заседания Секретариата Центрального Исполнительного Комитета СССР от 26 октября 1929 года
300##$aМашинописный текст
330##$aВходит в раздел описи: Протоколы заседаний Секретариата Президиума /опросные/
461#0$1001796d4672-8a00-4986-b488-6e42273792cc
$12001
$aЦЕНТРАЛЬНЫЙ ИСПОЛНИТЕЛЬНЫЙ КОМИТЕТ СССР (ЦИК СССР)
$1251
$cФонд
$1852
$j3316
$gР
462#0$10015593f570-cd62-4a8d-a1d8-0c815fe27ed2
$12001
$aПротоколы заседаний Президиума ЦИК СССР, объединенных заседаний секретариатов ЦИК СССР и ВЦИК и совещаний при председателе ЦИК СССР. 1923-1938 гг.
$vД. 1420
$1251
$cОпись
$1852
$j12
5171#$aПротокол № 21 (опросный) заседания Секретариата Центрального Исполнительного Комитета СССР от 26 октября 1929 года
60101$3RU\NLR\AUTH\880357276
$aСССР
$bЦИК
801#0$aRU
$bGA_RF
801#1$aRU
$bАО "НПО Опыт"
$c20170517
$2rusmarc
801#2$aRU
$bПБ им. Б.Н. Ельцина
$c20170817
$gRCR
$2rusmarc
852##$aГА РФ
$j1420
937##$d101952331
$hПБ
035##$aRuPRLIB51043525
856##$uhttp://readingroom.main.prlib.ru/item.aspx?id_node=n101952331&mode=full
Формат отображения